01019nam a22002537a 4500999001500000001000600015003000900021005001700030008004100047020001800088040003800106082002200144245009700166260015500263300002900418504005100447600003700498650003300535700001900568700002000587700001700607942001200624952012900636 c8288d828821811BD-DhUAP20230520162009.0230520b2013 bg a ||| |||| 001 0beng d a9789845061186 aBD-DhAALbEngcBD-DhUAPdBD-DhUAP 223a820.90091 AHM aContemporarising Tagore and the world /cedited by Imtiaz Ahmed, Muchkund Dubey, Veena Sikri aDhaka :bThe University Press in association with Indian Council for Cultural Relations, Dept. of International Relations, University of Dhaka,c2013. axix, 501 pages ;c24 cm. aIncludes bibliographical references and index. aTagore, Rabindranath,d1861-1941 xCriticism and interpretation aAhmed, Imtiaz. aDubey, Muchkund aSikri, Veena 2ddccBK 00102ddc4070aUAPCLbUAPCLcGeneral Stacksd2023-05-20o820.90091 AHMp3010021811r2023-05-20t1v1500.00w2023-05-20yBK